000 00455nam a22001457a 4500
005 20260303125018.0
008 260303b |||||||| |||| 00| 0 eng d
020 _a978-9914-44-744-6
100 _aOMACHE, RUTH MORAA
245 _aOXFORD KISWAHILI FASAHA: GREDI YA 10, KITABU CHA MWANAFUNZI
260 _aNAIROBI
_bOXFORD UNIVERSITY PRESS
_c2025
300 _aVI, 202P.
650 _aKISWAHILI-TEXTBOOK-STUDY AND TEACHING (SECONDARY)
942 _2lcc
_cBK
999 _c216766
_d216766